000
00313nam a22001217a 4500
999
_c
524420
_d
524420
008
231114b ||||| |||| 00| 0 eng d
100
_a
Saratchandran, U.
_9
52272
245
_a
Odisha revisited
260
_a
IIPA Digest
300
_a
5(2), Apr-Jun, 2023: p.28-33
773
_a
IIPA Digest
942
_c
AR